College Football - Team Logos: SWAC - Statistics

General Stats
  • This quiz has been taken 128 times
  • The average score is 6 of 10
Answer Stats
Question Answer % Correct
Choose the SWAC team:
76%
Choose the SWAC team:
76%
Choose the SWAC team:
72%
Choose the SWAC team:
64%
Choose the SWAC team:
64%
Choose the SWAC team:
60%
Choose the SWAC team:
60%
Choose the SWAC team:
60%
Choose the SWAC team:
48%
Choose the SWAC team:
44%
No matching quizzes found
Score Distribution
Percent of People with Each Score
Percentile by Number Answered
Your Score History
You have not taken this quiz